[Event "OPEN74 2025"]
[Site "Savigny"]
[Date "2025.05.31"]
[Round "5.6"]
[White "Drevet, François Michel"]
[Black "Czarniak, Tristan"]
[Result "1-0"]
[WhiteElo "1641"]
[BlackElo "1654"]
[PlyCount "47"]
[EventDate "2025.05.29"]
[EventCountry "FRA"]

1. e4 c5 2. b3 Nc6 3. Bb2 Nf6 4. d3 e6 5. Nf3 d5 6. Nc3 d4 7. Ne2 Bd6 8. Ng3 O-O 9. Be2 Bc7 10. O-O Qd6 11. Bc1 Ne5 12. Nxe5 Qxe5 13. f4 Qd6 14. e5 Qe7 15. exf6 Qxf6 16. Ne4 Qe7 17. Bf3 Rb8 18. a4 b6 19. Qe1 Bb7 20. Qg3 Rfd8 21. Bd2 Kh8 22. Qh3 f5 23. Ng5 h6 24. Rae1 1-0

[Event "OPEN74 2025"]
[Site "Savigny"]
[Date "2025.05.31"]
[Round "5.1"]
[White "Aubier, Lorys"]
[Black "Le Blevec, Yelisey"]
[Result "0-1"]
[WhiteElo "1799"]
[BlackElo "2026"]
[PlyCount "76"]
[EventDate "2025.05.29"]
[EventCountry "FRA"]

1. d4 d5 2. Bg5 f6 3. Bd2 Nc6 4. e3 e5 5. Bb5 exd4 6. exd4 Bf5 7. Nc3 (7. Ne2 Nge7 8. O-O a6 9. Ba4 Qd7 10. c3 h5 11. Na3 h4 12. Nc2 b5 13. Bb3 h3 14. g3 Na5 15. Ne3 Nxb3 16. axb3 g5 17. f3 Be6 18. Nc1 Nf5 19. Nd3 Bd6 20. Nc5 Bxc5 21. dxc5 d4 22. Nxf5 Bxf5 23. Qe2+ Kf7 24. Qf2 d3 25. c4 Rhe8 26. Rfe1 Qc6 27. cxb5 axb5 28. Rxa8 Rxe1+ 29. Bxe1 Qxa8 30. Bc3 Qd5 31. b4 Bd7 32. Kf1 Bc6 33. Ke1 Qa2 34. Kd2 Qb1 35. Ke3 f5 36. Qe1 Qa2 37. Kxd3 Qd5+ 38. Kc2 Qxf3 39. Qe5 Be4+ 40. Kd2 Qf2+ 41. Kd1 Qf3+ 42. Kd2 Qg2+ 43. Kd1 Qg1+ 44. Ke2 Qxh2+ 45. Ke1 Qg1+ 46. Ke2 Qg2+ 47. Ke1 Kg6 48. Qe8+ Kh6 49. Qf8+ Kg6 {½-½ (49) Kovalchuk,A (2251)-Kryakvin,D (2579) Izhevsk 2014}) 7... Nge7 8. Qf3 Bxc2 9. Nge2 Bg6 10. O-O Qd7 11. Rfe1 O-O-O 12. b4 h5 13. a4 Qg4 14. Qxg4+ hxg4 15. Bxc6 Nxc6 16. b5 Na5 17. Nf4 Bf7 18. Rab1 Nc4 19. Be3 g5 20. Nfe2 Bg6 21. Ra1 Bd6 22. g3 Bf7 23. Kg2 Rde8 24. Nd1 Bb4 25. Rh1 Bg6 26. Rf1 Be4+ 27. f3 gxf3+ 28. Kg1 fxe2 29. Rxf6 e1=Q+ 30. Rf1 Qe2 31. Rf2 Qh5 32. Kf1 Bd3+ 33. Kg1 Nxe3 34. Nxe3 Rxe3 35. Rfa2 Rxg3+ 36. hxg3 Qh1+ 37. Kf2 Rh2+ 38. Ke3 Qe4# 0-1

[Event "OPEN74 2025"]
[Site "Savigny"]
[Date "2025.05.31"]
[Round "5.4"]
[White "Van Bruggen, Hubert"]
[Black "Krasniqi, Delfin"]
[Result "0-1"]
[WhiteElo "1751"]
[BlackElo "1703"]
[PlyCount "62"]
[EventDate "2025.05.29"]
[EventCountry "FRA"]

1. e4 c5 2. Nf3 Nc6 3. d4 cxd4 4. Nxd4 Nf6 5. Nc3 e5 6. Ndb5 d6 7. Bg5 a6 8. Na3 b5 9. Bxf6 gxf6 10. Nd5 Bg7 11. Bd3 Ne7 12. Qh5 f5 13. c3 Nxd5 14. exd5 e4 15. Be2 b4 16. Nc2 bxc3 17. b3 Qf6 18. O-O Qg6 19. Qh4 Bf6 20. Qh5 f4 21. Qxg6 hxg6 22. Bc4 Bf5 23. Rac1 Kf8 24. Na3 e3 25. fxe3 fxe3 26. Nc2 Be5 27. h3 Kg7 28. Kh1 Bxh3 29. gxh3 Rxh3+ 30. Kg2 Rg3+ 31. Kh2 Rh8# 0-1